000 00255nam a22001217a 4500
008 171012b xxu||||| |||| 00| 0 eng d
041 _aeng
080 _a316
100 _a50
101 _asoc
245 _aSOCIOANALYSIS
_cHASKELL, M.R
942 _2udc
_cBK
999 _c33244
_d33244